Управленческий учет: учебное пособие для бакалавров

Бібліографічні деталі
Автор: Янковский К. П. Константин Петрович
Інші автори: Мухарь И. Ф. Инна Федоровна
Резюме:В учебном пособии на основе широкого круга научной, учебной литературы, нормативно-правовой и законодательной базы раскрываются актуальные аспекты управленческого учета. Материал систематизирован в соответствии с требованиями современного состояния экономики. Теоретические аспекты закрепляются при рассмотрении и решении конкретных хозяйственных ситуаций, контрольных вопросов, тестов остаточных знаний и при проведении семинарских занятий. Учебное пособие подготовлено с целью применения его в учебном процессе при подготовке специалистов и бакалавров по направлениям «Экономика» и «Менеджмент». Оно также может быть использовано студентами всех форм экономического образования и специалистами, интересующимися организацией учета и управлением затратами.
Мова:Російська
Опубліковано: Санкт-Петербург, Питер, 2011
Серія:Учебное пособие
Стандарт третьего поколения
Предмети:
Формат: Книга
KOHA link:https://koha.lib.tpu.ru/cgi-bin/koha/opac-detail.pl?biblionumber=196085

MARC

LEADER 00000nam0a2200000 4500
001 196085
005 20231101224652.0
010 |a 9785459003321 
035 |a (RuTPU)RU\TPU\book\213920 
090 |a 196085 
100 |a 20110518d2011 m y0rusy50 ca 
101 0 |a rus 
102 |a RU 
105 |a a j 001zy 
200 1 |a Управленческий учет  |e учебное пособие для бакалавров  |f К. П. Янковский, И. Ф. Мухарь 
210 |a Санкт-Петербург  |c Питер  |d 2011 
215 |a 366 с.  |c ил. 
225 1 |a Учебное пособие 
225 1 |a Стандарт третьего поколения 
320 |a Библиогр.: с. 362-365. 
330 |a В учебном пособии на основе широкого круга научной, учебной литературы, нормативно-правовой и законодательной базы раскрываются актуальные аспекты управленческого учета. Материал систематизирован в соответствии с требованиями современного состояния экономики. Теоретические аспекты закрепляются при рассмотрении и решении конкретных хозяйственных ситуаций, контрольных вопросов, тестов остаточных знаний и при проведении семинарских занятий. Учебное пособие подготовлено с целью применения его в учебном процессе при подготовке специалистов и бакалавров по направлениям «Экономика» и «Менеджмент». Оно также может быть использовано студентами всех форм экономического образования и специалистами, интересующимися организацией учета и управлением затратами. 
606 1 |a Бухгалтерский учет  |2 stltpush  |3 (RuTPU)RU\TPU\subj\30744  |9 53805 
610 1 |a экономика 
610 1 |a управленческий учет 
610 1 |a организации 
610 1 |a управление 
610 1 |a нормативное регулирование 
610 1 |a затраты 
610 1 |a калькулирование 
610 1 |a себестоимость 
610 1 |a налоговое планирование 
610 1 |a отчетность 
610 1 |a финансово-хозяйственная деятельность 
610 1 |a планирование 
610 1 |a бюджетирование 
610 1 |a безубыточность 
610 1 |a контроллинг 
610 1 |a транспорт 
610 1 |a строительство 
610 1 |a сельское хозяйство 
610 1 |a торговля 
610 1 |a затраты 
610 1 |a затратное ценообразование 
610 1 |a учебные пособия 
675 |a 657.22(075.8)  |v 3 
700 1 |a Янковский  |b К. П.  |g Константин Петрович 
701 1 |a Мухарь  |b И. Ф.  |g Инна Федоровна 
801 1 |a RU  |b 63413507  |c 20110518 
801 2 |a RU  |b 63413507  |c 20150708  |g RCR 
900 |a Управленческий учет на предприятии 
900 |a Бухгалтерский управленческий учет 
942 |c BK 
951 |b 080100 
959 |a 52/20110518  |d 1  |e 247,00  |f ЧЗГЛ:1 
959 |a 50/20120402  |d 5  |e 0,00  |f Ф_ТПУ_Новокузнецк:5